Triste tigre (Record no. 4547)

MARC details
000 -CABECERA
campo de control de longitud fija 03683cam a2200325 i 4500
001 - NÚMERO DE CONTROL
campo de control 991107285427906196
005 - FECHA Y HORA DE LA ÚLTIMA TRANSACCIÓN
campo de control 20250320164417.0
008 - DATOS DE LONGITUD FIJA--INFORMACIÓN GENERAL
campo de control de longitud fija 230701t20232023fr a b 000 1 fre
010 ## - NÚMERO DE CONTROL DE LA BIBLIOTECA DEL CONGRESO
Número de control de LC 2023431889
020 ## - NÚMERO INTERNACIONAL ESTÁNDAR DEL LIBRO
Número Internacional Estándar del Libro 9782818058268
Información calificativa (paperback)
029 1# - OTRO NÚMERO DE CONTROL DE SISTEMA (OCLC)
Identificador de la biblioteca OCLC AU@
Número de control de sistema 000075210506
035 ## - NÚMERO DE CONTROL DEL SISTEMA
Número de control de sistema (OCoLC)1395539313
035 ## - NÚMERO DE CONTROL DEL SISTEMA
Número de control de sistema (OCoLC)on1395539313
040 ## - FUENTE DE LA CATALOGACIÓN
Centro catalogador/agencia de origen DLC
Lengua de catalogación eng
Normas de descripción rda
Centro/agencia transcriptor DLC
Centro/agencia modificador TOH
-- AUXAM
-- QGK
-- QGJ
-- C3L
-- ERASP
-- FUG
-- EEM
-- IAD
-- EYM
-- CUS
-- WTV
-- OCLCF
-- TJC
-- OCLCO
042 ## - CÓDIGO DE AUTENTICACIÓN
Código de autenticación pcc
050 00 - SIGNATURA TOPOGRÁFICA DE LA BIBLIOTECA DEL CONGRESO
Número de clasificación PQ2719.I56
Número de documento/Ítem T75 2023
100 ## - ENTRADA PRINCIPAL--NOMBRE DE PERSONA
Nombre de persona Sinno, Neige,
Fechas asociadas al nombre 1977-
Término indicativo de función/relación author.
Código de función aut
245 10 - MENCIÓN DE TÍTULO
Título Triste tigre
Mención de responsabilidad, etc. / Neige Sinno.
264 #1 - PRODUCCIÓN, PUBLICACIÓN, DISTRIBUCIÓN, FABRICACIÓN Y COPYRIGHT
Producción, publicación, distribución, fabricación y copyright Paris :
Nombre del de productor, editor, distribuidor, fabricante P.O.L,
Fecha de producción, publicación, distribución, fabricación o copyright [2023]
300 ## - DESCRIPCIÓN FÍSICA
Extensión 283 pages, 1 unnumbered page :
Otras características físicas illustrations ;
Dimensiones 21 cm
504 ## - NOTA DE BIBLIOGRAFÍA, ETC.
Nota de bibliografía, etc. Includes bibliographical references (pages 279-282).
520 ## - SUMARIO, ETC.
Sumario, etc. ​"Triste Tigre" est un roman autobiographique de Neige Sinno, publié en 2023 aux Éditions P.O.L. Dans ce récit, l'auteure revient sur les viols répétés que son beau-père lui a fait subir durant son enfance, de l'âge de 7 à 14 ans. Le livre est également une réflexion approfondie sur la nature du mal et sur la capacité de la littérature à exprimer l'indicible. ​<br/><br/>Neige Sinno analyse ces événements traumatisants en adoptant différents points de vue, y compris celui de son agresseur, et en interrogeant la représentation du viol dans la littérature. Elle engage une relecture critique d'œuvres telles que "Lolita" de Vladimir Nabokov, ainsi que des textes de Virginia Woolf, Toni Morrison, Christine Angot et Virginie Despentes. ​<br/><br/><br/>Le titre "Triste Tigre" fait référence au roman "Trois tristes tigres" de Guillermo Cabrera Infante, évoquant l'exil et la marginalisation, thèmes qui résonnent avec l'expérience de l'auteure. ​<br/><br/>Ce livre a été largement salué par la critique et a reçu plusieurs distinctions, dont le prix Femina, le prix Goncourt des lycéens et le prix littéraire du Monde en 2023. ​<br/><br/><br/>En septembre 2024, "Triste Tigre" a été publié en Espagne par les éditions Anagrama, suscitant un vif intérêt pour sa représentation brute et honnête de l'abus infantile. ​<br/>
520 ## - SUMARIO, ETC.
Sumario, etc. Triste Tigre is an autobiographical novel by Neige Sinno, published in 2023 by Éditions P.O.L. In this account, the author revisits the repeated sexual abuse inflicted on her by her stepfather during her childhood, from the age of 7 to 14. The book is also an in-depth reflection on the nature of evil and the ability of literature to express the unspeakable. <br/><br/>Neige Sinno analyses these traumatic events by adopting different perspectives, including that of her aggressor, and by questioning the representation of rape in literature. She critically re-examines works such as Lolita by Vladimir Nabokov, as well as texts by Virginia Woolf, Toni Morrison, Christine Angot, and Virginie Despentes. <br/><br/>The title Triste Tigre refers to the novel *Tres tristes tigres* by Guillermo Cabrera Infante, evoking exile and marginalisation—themes that resonate with the author's experience. <br/><br/>This book has been widely praised by critics and has received several accolades, including the Prix Femina, the Prix Goncourt des Lycéens, and the *Prix littéraire du Monde* in 2023. <br/><br/>In September 2024, Triste Tigre was published in Spain by Anagrama, generating strong interest for its raw and honest portrayal of child abuse.
600 #0 - PUNTO DE ACCESO ADICIONAL DE MATERIA--NOMBRE DE PERSONA
Nombre de persona Sinno, Neige,
Fechas asociadas al nombre 1977-
650 #0 - PUNTO DE ACCESO ADICIONAL DE MATERIA--TÉRMINO DE MATERIA
Término de materia o nombre geográfico como elemento de entrada Rape victims
Subdivisión de forma Fiction.
650 #0 - PUNTO DE ACCESO ADICIONAL DE MATERIA--TÉRMINO DE MATERIA
Término de materia o nombre geográfico como elemento de entrada Authors, French
Subdivisión cronológica 20th century
Subdivisión de forma Biography
9 (RLIN) 23671
655 #0 - TÉRMINO DE INDIZACIÓN--GÉNERO/FORMA
Datos o término principal de género/forma Autobiographical fiction
9 (RLIN) 23158
942 ## - ELEMENTOS DE ENTRADA AGREGADA (KOHA)
Fuente del sistema de clasificación o colocación Clasificación de Library of Congress
949 ## - PROCESAMIENTO DE INFORMACIÓN LOCAL (OCLC)
a PQ2719.I66 Z46 2023Y
c 1
i 31761112014907
m ROBARTS
l STACKS
t BOOK
Holdings
Estado de retiro Estado de pérdida Fuente del sistema de clasificación o colocación Estado dañado No para préstamo Biblioteca de origen Biblioteca actual Fecha de adquisición Total de préstamos Signatura topográfica completa Código de barras Fecha visto por última vez Fecha del último préstamo Número de copia Precio válido a partir de Tipo de ítem Koha
    Clasificación de Library of Congress     TBS Barcelona TBS Barcelona 20/03/2025 1 P-FR SIN B07666 07/01/2026 21/11/2025 1 20/03/2025 Book

Powered by Koha